00494 2200181 4500001002100000005001500021008004100036020001800077035001900095041000700114082000800121090001400129100001400143245007900157260004700236300001800283650001100301INLIS00000000001489220241224114830241224||||||||| | ||| |||| || |  a979-8619-94-3 0010-1224014892 aid0 a531 a531 SRI d0 aSri Ratna00aDINAMIKA KELOMPOK MODUL DIKLAT PRAJABATAN GOLONGAN I DAN II (Edisi Revisi) aJakartabLembaga Administrasi Negarac2009 a62hlm;15x21cm 0aFisika